000 00793nam a2200289Ia 4500
005 20260324130529.0
008 008 260324s9999 xx 000 0 eng d
020 _a9780429224089
037 _aEBOOK
040 _aCRL
040 _beng
040 _cCRL
041 _2eng
041 _aeng
084 _qCRL
100 _aDigang Liang; Darui Wang; Zhenxi Li
_91182138
245 0 _aPetroleum Geochemistry and Exploration in the Afro-Asian Region
245 0 _bProceedings of the 6th AAAPG International Conference, Beijing, China, 12-14 October 2004
260 _bTaylor and Francis
260 _c2007
365 _a
365 _b355
856 _uhttp://www.taylorfrancis.com/books/9780429224089
942 _cEBOOK
999 _c1778369
_d1778369